[Event "Titled Tuesday intern op 27th Feb Late"]
[Site "Chess.com INT"]
[Date "2024.02.27"]
[Round "4"]
[White "Fedoseev, Vladimir1"]
[Black "Hansen, Eric"]
[Result "1-0"]
[WhiteElo "2690"]
[BlackElo "2610"]
[PlyCount "119"]
[GameId "2019592489418752"]
[EventDate "2024.02.27"]
[EventType "swiss (blitz)"]
[EventRounds "11"]
[EventCountry "USA"]
[SourceTitle "CBM 219 Extra"]
[Source "ChessBase"]
[SourceDate "2024.05.31"]
[SourceVersion "1"]
[SourceVersionDate "2024.05.31"]
[SourceQuality "1"]

1. e4 e5 2. Nf3 Nc6 3. Bb5 a6 4. Ba4 Nf6 5. O-O Be7 6. Bxc6 dxc6 7. d3 Nd7 8. b3 O-O 9. Bb2 Bd6 10. Nbd2 Re8 11. Nc4 c5 12. a4 f6 13. Nxd6 cxd6 14. a5 Nb8 15. Nd2 Be6 16. f4 Nc6 17. Bc3 Nd4 18. Nc4 Qe7 19. Nb6 Rad8 20. b4 Qc7 21. bxc5 Qxc5 22. Bxd4 Qxd4+ 23. Kh1 d5 24. Ra4 Qc3 25. f5 Bf7 26. exd5 Bxd5 27. Nxd5 Rxd5 28. Qh5 Red8 29. Rh4 h6 30. Rg4 Kf8 31. Rxg7 Kxg7 32. Qg6+ Kf8 33. Qxf6+ Ke8 34. Qe6+ Kf8 35. Qxh6+ Ke7 36. f6+ Kd7 37. f7 Rxa5 38. f8=Q Rxf8 39. Qg7+ Kc6 40. Qxf8 Ra1 41. h4 Rxf1+ 42. Qxf1 a5 43. h5 a4 44. h6 a3 45. Qf6+ Kb5 46. h7 a2 47. h8=Q a1=Q+ 48. Kh2 Qc5 49. Qe8+ Kb4 50. Qee7 Qag1+ 51. Kg3 Qe1+ 52. Kg4 Qe2+ 53. Kh3 Qee3+ 54. g3 Qxe7 55. Qxe7+ Kc3 56. Qxb7 Kxc2 57. Qd5 Kc3 58. Kg4 Qd4+ 59. Qe4 Qxd3 60. Qxe5+ 1-0

[Event "Titled Tuesday intern op 13th Aug Early"]
[Site "Chess.com INT"]
[Date "2024.08.13"]
[Round "3"]
[White "Hansen, Eric"]
[Black "Zakrzewski, Marek"]
[Result "1-0"]
[WhiteElo "2610"]
[BlackElo "2299"]
[PlyCount "93"]
[GameId "2107989758021444"]
[EventDate "2024.08.13"]
[EventType "swiss (blitz)"]
[EventRounds "11"]
[EventCountry "USA"]
[SourceTitle "EXT 2025"]
[Source "ChessBase"]
[SourceDate "2024.10.14"]
[SourceVersion "1"]
[SourceVersionDate "2024.10.14"]
[SourceQuality "1"]

1. e4 c5 2. Nf3 e6 3. d4 cxd4 4. Nxd4 Nc6 5. Nc3 Qc7 6. Qd3 a6 7. Nxc6 Qxc6 8. Be2 b5 9. O-O Bb7 10. Bf3 Bc5 11. a4 b4 12. e5 Qc7 13. Bxb7 Qxb7 14. Ne4 Be7 15. Rd1 f5 16. Nd2 Nh6 17. Nc4 Nf7 18. Be3 Rc8 19. b3 Rxc4 20. Qxc4 Nxe5 21. Qd4 Bf6 22. Qb6 Qxb6 23. Bxb6 Nc6 24. Rab1 g5 25. Rd3 d5 26. Re1 Kf7 27. h3 Rc8 28. Re2 f4 29. Rd1 d4 30. g3 e5 31. Kg2 Ke6 32. Kf3 Kd5 33. Kg4 Ne7 34. a5 Rc3 35. Rd3 Rc6 36. Rd1 Nc8 37. Kf5 Ne7+ 38. Kg4 Nc8 39. h4 h6 40. hxg5 hxg5 41. Rh1 Nxb6 42. axb6 Rxb6 43. Kf5 fxg3 44. fxg3 Bg7 45. Rh7 Rf6+ 46. Kxg5 Rf7 47. Kg6 1-0

[Event "Titled Tuesday intern op 13th Aug Early"]
[Site "Chess.com INT"]
[Date "2024.08.13"]
[Round "4"]
[White "Matinian, Nikita"]
[Black "Hansen, Eric"]
[Result "0-1"]
[WhiteElo "2414"]
[BlackElo "2610"]
[PlyCount "72"]
[GameId "2107989758038207"]
[EventDate "2024.08.13"]
[EventType "swiss (blitz)"]
[EventRounds "11"]
[EventCountry "USA"]
[SourceTitle "EXT 2025"]
[Source "ChessBase"]
[SourceDate "2024.10.14"]
[SourceVersion "1"]
[SourceVersionDate "2024.10.14"]
[SourceQuality "1"]

1. e4 c5 2. Nf3 e6 3. d4 cxd4 4. Nxd4 a6 5. Nc3 Qc7 6. Bd3 Bc5 7. Nb3 Be7 8. Qg4 g6 9. Be3 b5 10. Qg3 d6 11. O-O-O b4 12. Ne2 Nf6 13. f4 Nbd7 14. f5 gxf5 15. exf5 e5 16. Qh3 e4 17. Bd4 Bb7 18. Bxe4 Bxe4 19. Rd2 Rc8 20. c3 Rg8 21. Ng3 Qb7 22. Re1 bxc3 23. bxc3 d5 24. Qh6 Qc6 25. Qf4 Bd6 26. Qf1 Be5 27. Kd1 Bxd4 28. cxd4 Kf8 29. Qf4 Bc2+ 30. Ke2 Re8+ 31. Kf1 Rxe1+ 32. Kxe1 Bxb3 33. axb3 Rg4 34. Qh6+ Kg8 35. Kf2 Ne4+ 36. Nxe4 Qxh6 0-1

[Event "Titled Tuesday intern op 13th Aug Early"]
[Site "Chess.com INT"]
[Date "2024.08.13"]
[Round "6"]
[White "Nadanian, Ashot S"]
[Black "Hansen, Eric"]
[Result "1/2-1/2"]
[WhiteElo "2248"]
[BlackElo "2610"]
[PlyCount "211"]
[GameId "2107989758059283"]
[EventDate "2024.08.13"]
[EventType "swiss (blitz)"]
[EventRounds "11"]
[EventCountry "USA"]
[SourceTitle "EXT 2025"]
[Source "ChessBase"]
[SourceDate "2024.10.14"]
[SourceVersion "1"]
[SourceVersionDate "2024.10.14"]
[SourceQuality "1"]

1. d4 Nf6 2. c4 e6 3. Nc3 Bb4 4. Bd2 O-O 5. Nf3 b6 6. e3 Bb7 7. Bd3 d5 8. O-O Bd6 9. Rc1 a6 10. cxd5 exd5 11. Ne5 c5 12. f4 Nc6 13. Qf3 cxd4 14. Nxc6 Bxc6 15. exd4 Re8 16. Rfe1 Qd7 17. h3 b5 18. Re5 b4 19. Ne2 Ne4 20. Be3 Bxe5 21. dxe5 Bb5 22. Bb1 Rac8 23. Rd1 Bxe2 24. Qxe2 Qc6 25. Bd4 a5 26. f5 Qc7 27. Qg4 h5 28. Qxh5 Rxe5 29. Bxe5 Qxe5 30. Qf3 Nf6 31. Qf2 Re8 32. Bd3 Qd6 33. Qd4 Qg3 34. Qf2 Qe5 35. Bb5 Rc8 36. Bd3 d4 37. Re1 Qd6 38. Qe2 Re8 39. Qf2 Re5 40. Rc1 Re8 41. Rc4 Rd8 42. Qe2 Nd7 43. Rc1 Ne5 44. Rd1 Nxd3 45. Qxd3 Qe5 46. Rd2 Qe1+ 47. Kh2 Qe5+ 48. Kh1 Rc8 49. Rd1 Rd8 50. Qf3 Kf8 51. Qd3 Qd5 52. b3 Qe5 53. Qf3 Qd6 54. Qd3 Qf6 55. Rf1 Kg8 56. Rd1 Kf8 57. Qf3 g6 58. fxg6 Qxf3 59. gxf3 fxg6 60. Kg2 Kf7 61. f4 Ke6 62. Kf3 Kd5 63. Rg1 Rd6 64. Rg5+ Kc6 65. Ke2 d3+ 66. Kd2 Kb6 67. f5 gxf5 68. Rxf5 Ka6 69. Rf3 Rg6 70. Rxd3 Rg2+ 71. Kc1 Rxa2 72. Rd6+ Kb5 73. Rd5+ Kc6 74. Rg5 Kb6 75. h4 Rh2 76. h5 Ka6 77. Rf5 Kb6 78. Kb1 Rh3 79. Kb2 Rh2+ 80. Kb1 Ka6 81. Rf6+ Kb5 82. Rf5+ Kb6 83. Rf6+ Kc5 84. Rf5+ Kd4 85. Rxa5 Kc3 86. Rg5 Kxb3 87. Rg3+ Ka4 88. Rf3 Rxh5 89. Rg3 Rh2 90. Rf3 Rg2 91. Rh3 Kb5 92. Rf3 Kc4 93. Rh3 Rd2 94. Rg3 Rf2 95. Rh3 Kc5 96. Rg3 Kb5 97. Rh3 Ka4 98. Rg3 b3 99. Rg8 Kb4 100. Rb8+ Kc4 101. Rc8+ Kd4 102. Rd8+ Kc3 103. Rc8+ Kb4 104. Rb8+ Kc3 105. Rc8+ Kb4 106. Rb8+ 1/2-1/2

[Event "Titled Tuesday intern op 13th Aug Early"]
[Site "Chess.com INT"]
[Date "2024.08.13"]
[Round "7"]
[White "Hansen, Eric"]
[Black "Starozhilov, Leonid"]
[Result "0-1"]
[WhiteElo "2610"]
[BlackElo "2281"]
[PlyCount "68"]
[GameId "2107989758071768"]
[EventDate "2024.08.13"]
[EventType "swiss (blitz)"]
[EventRounds "11"]
[EventCountry "USA"]
[SourceTitle "EXT 2025"]
[Source "ChessBase"]
[SourceDate "2024.10.14"]
[SourceVersion "1"]
[SourceVersionDate "2024.10.14"]
[SourceQuality "1"]

1. e4 g6 2. Ne2 c5 3. d4 cxd4 4. Nxd4 Bg7 5. Nc3 Nc6 6. Nb3 d6 7. Be2 Be6 8. O-O Nf6 9. Re1 O-O 10. Bf1 Rc8 11. h3 Bxb3 12. axb3 a6 13. Nd5 Nxd5 14. exd5 Ne5 15. c3 Re8 16. Be3 Qc7 17. Qd2 Nd7 18. Rad1 e5 19. dxe6 Rxe6 20. Bc4 Rf6 21. Bg5 Rf5 22. Re7 b5 23. g4 Rxg5 24. Qxg5 Bf6 25. Qxf6 Nxf6 26. Rxc7 Rxc7 27. Rxd6 Ne4 28. Rd8+ Kg7 29. Bd3 Nc5 30. b4 Nxd3 31. Rxd3 Rc6 32. f4 Kf6 33. Kf2 h6 34. Kf3 Ke6 0-1

[Event "Titled Tuesday intern op 13th Aug Early"]
[Site "Chess.com INT"]
[Date "2024.08.13"]
[Round "8"]
[White "Tregubov, Pavel V"]
[Black "Hansen, Eric"]
[Result "0-1"]
[WhiteElo "2557"]
[BlackElo "2610"]
[PlyCount "84"]
[GameId "2107989758088545"]
[EventDate "2024.08.13"]
[EventType "swiss (blitz)"]
[EventRounds "11"]
[EventCountry "USA"]
[SourceTitle "EXT 2025"]
[Source "ChessBase"]
[SourceDate "2024.10.14"]
[SourceVersion "1"]
[SourceVersionDate "2024.10.14"]
[SourceQuality "1"]

1. e4 c5 2. Nf3 e6 3. c3 Nf6 4. e5 Nd5 5. d4 cxd4 6. cxd4 d6 7. Bc4 Be7 8. O-O O-O 9. Qe2 Nc6 10. Rd1 Bd7 11. Bd2 Qb6 12. Nc3 Nxc3 13. Bxc3 dxe5 14. dxe5 Rfd8 15. Qe4 Nb4 16. Bd4 Qc6 17. Qe2 Rac8 18. Rac1 b5 19. a3 Nd5 20. Bxd5 Qxc1 21. Rxc1 Rxc1+ 22. Ne1 exd5 23. h3 b4 24. Kh2 bxa3 25. bxa3 Rc4 26. Bxa7 Ra8 27. Qb2 Bc6 28. Nf3 h6 29. e6 Bd6+ 30. g3 fxe6 31. Bd4 Rf8 32. Ne5 Bxe5 33. Bxe5 Rf7 34. g4 Re4 35. f4 d4 36. Qb8+ Kh7 37. Qd6 Bd5 38. f5 d3 39. fxe6 Re2+ 40. Kg3 Rg2+ 41. Kh4 Rf3 42. Qxd5 g5+ 0-1

[Event "Titled Tuesday intern op 13th Aug Early"]
[Site "Chess.com INT"]
[Date "2024.08.13"]
[Round "11"]
[White "Hansen, Eric"]
[Black "Hristodoulou, Panagiotis"]
[Result "1/2-1/2"]
[WhiteElo "2610"]
[BlackElo "2407"]
[PlyCount "80"]
[GameId "2107989758117762"]
[EventDate "2024.08.13"]
[EventType "swiss (blitz)"]
[EventRounds "11"]
[EventCountry "USA"]
[SourceTitle "EXT 2025"]
[Source "ChessBase"]
[SourceDate "2024.10.14"]
[SourceVersion "1"]
[SourceVersionDate "2024.10.14"]
[SourceQuality "1"]

1. e4 Nf6 2. e5 Nd5 3. c4 Nb6 4. d4 d6 5. f4 g6 6. Nc3 Be6 7. Nf3 Bg7 8. h4 h5 9. Ng5 Bg4 10. Be2 Bxe2 11. Qxe2 dxe5 12. dxe5 Nc6 13. Be3 Nd4 14. Qf2 Nf5 15. Rd1 Qc8 16. b3 O-O 17. Bc5 Re8 18. O-O f6 19. Nf3 Nd7 20. Rfe1 fxe5 21. fxe5 Nxc5 22. Qxc5 c6 23. Ne4 Qc7 24. Qf2 Rad8 25. Rxd8 Rxd8 26. Qxa7 Bxe5 27. Nxe5 Qxe5 28. Qf2 Qd4 29. g3 Qd3 30. Kg2 Rd4 31. Qe2 Qxe2+ 32. Rxe2 b5 33. cxb5 cxb5 34. Kf2 b4 35. Nc5 Kf7 36. Ne4 Rd3 37. Ng5+ Ke8 38. Ne4 Kf7 39. Ng5+ Ke8 40. Ne4 Kf7 1/2-1/2

[Event "Titled Tuesday intern op 13th Aug Late"]
[Site "Chess.com INT"]
[Date "2024.08.13"]
[Round "1"]
[White "Hansen, Eric"]
[Black "Rangel, Daniel"]
[Result "1-0"]
[WhiteElo "2610"]
[BlackElo "2198"]
[PlyCount "63"]
[GameId "2107989758126156"]
[EventDate "2024.08.13"]
[EventType "swiss (blitz)"]
[EventRounds "11"]
[EventCountry "USA"]
[SourceTitle "EXT 2025"]
[Source "ChessBase"]
[SourceDate "2024.10.14"]
[SourceVersion "1"]
[SourceVersionDate "2024.10.14"]
[SourceQuality "1"]

1. e4 c5 2. Nf3 g6 3. c3 Bg7 4. d4 cxd4 5. cxd4 d5 6. exd5 Nf6 7. Bb5+ Nbd7 8. Nc3 O-O 9. O-O Nb6 10. h3 Nbxd5 11. Re1 a6 12. Bc4 e6 13. Qb3 Nxc3 14. bxc3 b5 15. Be2 Bb7 16. Bg5 Bd5 17. Qb2 Qc7 18. Rac1 Ne4 19. Bh4 Rfc8 20. Bd3 Nd6 21. Ne5 Nc4 22. Bxc4 Bxc4 23. Qd2 Bd5 24. Ng4 Qb7 25. f3 h5 26. Nf6+ Kh8 27. Re5 b4 28. Rxh5+ gxh5 29. Qg5 Bxf3 30. g4 Bxf6 31. Qh6+ Kg8 32. Bxf6 1-0

[Event "Titled Tuesday intern op 13th Aug Late"]
[Site "Chess.com INT"]
[Date "2024.08.13"]
[Round "3"]
[White "Hansen, Eric"]
[Black "Zhizmer, Yuri"]
[Result "1-0"]
[WhiteElo "2610"]
[BlackElo "2298"]
[PlyCount "107"]
[GameId "2107989758147092"]
[EventDate "2024.08.13"]
[EventType "swiss (blitz)"]
[EventRounds "11"]
[EventCountry "USA"]
[SourceTitle "EXT 2025"]
[Source "ChessBase"]
[SourceDate "2024.10.14"]
[SourceVersion "1"]
[SourceVersionDate "2024.10.14"]
[SourceQuality "1"]

1. e4 c6 2. Nf3 d5 3. d3 dxe4 4. dxe4 Qxd1+ 5. Kxd1 Bg4 6. Be2 Nd7 7. Nfd2 Bxe2+ 8. Kxe2 Ngf6 9. f3 e6 10. a4 a5 11. Nc4 Bc5 12. Nbd2 Nb6 13. Nb3 Nxc4 14. Nxc5 b6 15. Nd3 Nd7 16. b3 Nce5 17. Nf2 f6 18. Rd1 Ke7 19. Ba3+ c5 20. Rd2 Rhd8 21. Nd1 Nc6 22. Ne3 Nde5 23. Rxd8 Rxd8 24. c3 g5 25. g3 h5 26. f4 gxf4 27. gxf4 Ng4 28. Nc4 Nxh2 29. Rh1 Ng4 30. Rxh5 Kf7 31. Rh7+ Kg6 32. Rc7 Nb8 33. Nxb6 e5 34. f5+ Kg5 35. Nd5 Kh4 36. Bxc5 Na6 37. Rh7+ Kg3 38. Bb6 Rc8 39. Rg7 Kh4 40. Kf3 Nh2+ 41. Ke2 Ng4 42. c4 Nc5 43. Ne7 Rb8 44. Bxc5 Rxb3 45. Nd5 Rb2+ 46. Kd3 Ra2 47. Nc3 Rg2 48. Be3 Kg3 49. c5 Kf3 50. Rxg4 Rxg4 51. c6 Rg8 52. Nd5 Rd8 53. c7 Rc8 54. Bb6 1-0

[Event "Titled Tuesday intern op 13th Aug Late"]
[Site "Chess.com INT"]
[Date "2024.08.13"]
[Round "6"]
[White "Hansen, Eric"]
[Black "Gelman, Alexander"]
[Result "1-0"]
[WhiteElo "2610"]
[BlackElo "2403"]
[PlyCount "109"]
[GameId "2107989758180501"]
[EventDate "2024.08.13"]
[EventType "swiss (blitz)"]
[EventRounds "11"]
[EventCountry "USA"]
[SourceTitle "EXT 2025"]
[Source "ChessBase"]
[SourceDate "2024.10.14"]
[SourceVersion "1"]
[SourceVersionDate "2024.10.14"]
[SourceQuality "1"]

1. e4 c5 2. Nf3 e6 3. d4 cxd4 4. Nxd4 a6 5. Nc3 d6 6. g4 b5 7. Bg2 Bb7 8. Qe2 Ne7 9. Be3 Nbc6 10. Nxc6 Nxc6 11. O-O-O Be7 12. f4 Qa5 13. Kb1 O-O 14. Qf2 Qc7 15. g5 Rac8 16. h4 Qb8 17. h5 Na5 18. f5 Rxc3 19. bxc3 b4 20. Ba7 Qc8 21. f6 Bd8 22. fxg7 Kxg7 23. Rxd6 Bxg5 24. Bd4+ f6 25. e5 f5 26. h6+ Kh8 27. cxb4 Nc4 28. Rg1 Be7 29. Bxb7 Qxb7 30. c3 Bxd6 31. exd6+ e5 32. Qg3 exd4 33. Qg7+ Qxg7 34. hxg7+ Kg8 35. gxf8=Q+ Kxf8 36. Rd1 Nxd6 37. Rxd4 Nb5 38. Rd3 Kf7 39. a4 Na3+ 40. Kb2 Nc4+ 41. Kb3 Ne5 42. Rd6 h5 43. Kc2 Kg7 44. Kd1 h4 45. Ke2 f4 46. Rd1 Kf6 47. b5 axb5 48. axb5 Kf5 49. b6 f3+ 50. Kf1 Ng4 51. Rd5+ Kf4 52. Rd4+ Kg3 53. Rxg4+ Kxg4 54. b7 h3 55. b8=Q 1-0

[Event "Titled Tuesday intern op 13th Aug Late"]
[Site "Chess.com INT"]
[Date "2024.08.13"]
[Round "7"]
[White "Hansen, Eric"]
[Black "Klekowski, Maciej"]
[Result "0-1"]
[WhiteElo "2610"]
[BlackElo "2463"]
[PlyCount "60"]
[GameId "2107989758188877"]
[EventDate "2024.08.13"]
[EventType "swiss (blitz)"]
[EventRounds "11"]
[EventCountry "USA"]
[SourceTitle "EXT 2025"]
[Source "ChessBase"]
[SourceDate "2024.10.14"]
[SourceVersion "1"]
[SourceVersionDate "2024.10.14"]
[SourceQuality "1"]

1. e4 b6 2. d4 Bb7 3. Nd2 e6 4. Ngf3 c5 5. c3 Nf6 6. Bd3 d5 7. e5 Nfd7 8. Qe2 Be7 9. O-O Nc6 10. Rd1 g5 11. h3 h5 12. Nf1 g4 13. hxg4 hxg4 14. N3h2 cxd4 15. Nxg4 Qc7 16. Bf4 dxc3 17. bxc3 O-O-O 18. a4 Rdg8 19. Bg3 Nc5 20. Bc2 Bh4 21. Bf4 f5 22. Nh6 Bg5 23. Bxg5 Rxg5 24. f4 Rg7 25. Nxf5 exf5 26. Bxf5+ Kb8 27. Qe3 d4 28. cxd4 Nxd4 29. Bh3 Nc2 30. Qc3 Nxa1 0-1

[Event "Titled Tuesday intern op 13th Aug Late"]
[Site "Chess.com INT"]
[Date "2024.08.13"]
[Round "10"]
[White "Sai, Krishna GV"]
[Black "Hansen, Eric"]
[Result "0-1"]
[WhiteElo "2402"]
[BlackElo "2610"]
[PlyCount "130"]
[GameId "2107989758205804"]
[EventDate "2024.08.13"]
[EventType "swiss (blitz)"]
[EventRounds "11"]
[EventCountry "USA"]
[SourceTitle "EXT 2025"]
[Source "ChessBase"]
[SourceDate "2024.10.14"]
[SourceVersion "1"]
[SourceVersionDate "2024.10.14"]
[SourceQuality "1"]

1. g3 d5 2. Bg2 Nf6 3. d3 c6 4. Nd2 e5 5. e4 Bd6 6. Ne2 O-O 7. O-O dxe4 8. dxe4 Be6 9. h3 Qc7 10. g4 Re8 11. Ng3 Bf8 12. Nf3 Na6 13. Bg5 Nd7 14. Nf5 b5 15. Re1 Nac5 16. Qe2 Na4 17. c3 a5 18. Qc2 Nab6 19. Bh4 Nc5 20. Ng5 Bc4 21. Bf1 Bxf1 22. Kxf1 a4 23. Rad1 f6 24. Nf3 Qf7 25. a3 Nc4 26. Kg2 Rad8 27. g5 fxg5 28. Bxg5 Rxd1 29. Rxd1 h6 30. Bh4 g6 31. Ne3 Nxe3+ 32. fxe3 Qc4 33. Bg3 Bg7 34. Rd6 Re6 35. Rxe6 Qxe6 36. Nd2 Qd7 37. Nf3 Qd3 38. Qf2 Qxe4 39. Kh2 Nd3 40. Qe2 Nxb2 41. Qxb2 Qxf3 42. Qb4 Qe2+ 43. Kh1 Qf3+ 44. Kh2 Qd5 45. e4 Qd2+ 46. Kh1 Qd1+ 47. Kh2 Qc2+ 48. Kg1 Qb3 49. Qc5 Qb1+ 50. Kf2 Qxe4 51. h4 Kf7 52. Qa7+ Kg8 53. Qc5 h5 54. Qa7 Bf6 55. Qa8+ Kf7 56. Qb7+ Be7 57. Qc8 Qf5+ 58. Qxf5+ gxf5 59. Ke2 Ke6 60. Bf2 Bxa3 61. c4 Be7 62. c5 Kd5 63. Kd2 Bxc5 64. Be1 Bb4+ 65. Kc2 Bxe1 0-1

[Event "Titled Tuesday intern op 13th Aug Late"]
[Site "Chess.com INT"]
[Date "2024.08.13"]
[Round "11"]
[White "Hansen, Eric"]
[Black "Santiago, Yago de Moura"]
[Result "1-0"]
[WhiteElo "2610"]
[BlackElo "2455"]
[PlyCount "47"]
[GameId "2107989758209981"]
[EventDate "2024.08.13"]
[EventType "swiss (blitz)"]
[EventRounds "11"]
[EventCountry "USA"]
[SourceTitle "EXT 2025"]
[Source "ChessBase"]
[SourceDate "2024.10.14"]
[SourceVersion "1"]
[SourceVersionDate "2024.10.14"]
[SourceQuality "1"]

1. e4 e6 2. d4 d5 3. Nc3 Nf6 4. Bg5 Be7 5. e5 Nfd7 6. h4 Nc6 7. Be3 f6 8. f4 fxe5 9. fxe5 Bxh4+ 10. Kd2 h5 11. Nf3 Be7 12. Bd3 Nb6 13. b3 a6 14. Ne2 Kd7 15. Nf4 Qg8 16. Ng6 Rh7 17. Nxe7 Nxe7 18. Bxh7 Qxh7 19. Ng5 Qf5 20. Qxh5 c5 21. Raf1 cxd4 22. Bxd4 Qg6 23. Qxg6 Nxg6 24. Rf7+ 1-0

[Event "Titled Tuesday intern op 20th Aug Early"]
[Site "Chess.com INT"]
[Date "2024.08.20"]
[Round "2"]
[White "Al Tarbosh, Ward"]
[Black "Hansen, Eric"]
[Result "0-1"]
[WhiteElo "2242"]
[BlackElo "2610"]
[PlyCount "66"]
[GameId "2107989758723515"]
[EventDate "2024.08.20"]
[EventType "swiss (blitz)"]
[EventRounds "11"]
[EventCountry "USA"]
[SourceTitle "EXT 2025"]
[Source "ChessBase"]
[SourceDate "2024.10.14"]
[SourceVersion "1"]
[SourceVersionDate "2024.10.14"]
[SourceQuality "1"]

1. e4 c5 2. Nf3 e6 3. d4 cxd4 4. Nxd4 a6 5. Bd3 Qb6 6. Nb3 Qc7 7. O-O d6 8. c4 Nf6 9. Nc3 b6 10. Bg5 Nbd7 11. f4 Bb7 12. f5 e5 13. Nd5 Bxd5 14. cxd5 Be7 15. Rc1 Qb7 16. Rc6 Nxd5 17. exd5 Bxg5 18. Rxd6 O-O 19. Rc6 Rad8 20. Qh5 Be3+ 21. Kh1 Nf6 22. Rxf6 Qxd5 23. Qg4 Qxd3 24. Re1 Bf2 25. Rc1 h5 26. Qxh5 gxf6 27. Qg4+ Kh7 28. Qh5+ Kg7 29. Qg4+ Kh6 30. h3 Rg8 31. Qb4 Qd1+ 32. Rxd1 Rxd1+ 33. Kh2 Bg3# 0-1

[Event "Titled Tuesday intern op 20th Aug Early"]
[Site "Chess.com INT"]
[Date "2024.08.20"]
[Round "4"]
[White "Hansen, Eric"]
[Black "Tsvetkov, Andrey1"]
[Result "1-0"]
[WhiteElo "2610"]
[BlackElo "2435"]
[PlyCount "69"]
[GameId "2107989758752848"]
[EventDate "2024.08.20"]
[EventType "swiss (blitz)"]
[EventRounds "11"]
[EventCountry "USA"]
[SourceTitle "EXT 2025"]
[Source "ChessBase"]
[SourceDate "2024.10.14"]
[SourceVersion "1"]
[SourceVersionDate "2024.10.14"]
[SourceQuality "1"]

1. e4 c5 2. Nf3 d6 3. Nc3 Nf6 4. d4 cxd4 5. Qxd4 Nc6 6. Qd2 g6 7. Bb5 Bg7 8. e5 dxe5 9. Bxc6+ bxc6 10. Qxd8+ Kxd8 11. Nxe5 Ke8 12. O-O Nd5 13. Re1 Nxc3 14. bxc3 Bxe5 15. Rxe5 Rb8 16. Rc5 Bd7 17. Be3 Rb5 18. a4 Rxc5 19. Bxc5 Bf5 20. Bxa7 Kd7 21. a5 Bxc2 22. a6 c5 23. Bxc5 Rc8 24. a7 Be4 25. f3 Ba8 26. Rd1+ Ke8 27. Bd4 f6 28. f4 Kf7 29. Rb1 Ke8 30. Kf2 Kd7 31. g4 Rc4 32. h3 h5 33. f5 gxf5 34. gxh5 Rc8 35. Rb8 1-0

[Event "Titled Tuesday intern op 20th Aug Early"]
[Site "Chess.com INT"]
[Date "2024.08.20"]
[Round "7"]
[White "Andreikin, Dmitry"]
[Black "Hansen, Eric"]
[Result "1-0"]
[WhiteElo "2729"]
[BlackElo "2610"]
[PlyCount "73"]
[GameId "2107989758782215"]
[EventDate "2024.08.20"]
[EventType "swiss (blitz)"]
[EventRounds "11"]
[EventCountry "USA"]
[SourceTitle "EXT 2025"]
[Source "ChessBase"]
[SourceDate "2024.10.14"]
[SourceVersion "1"]
[SourceVersionDate "2024.10.14"]
[SourceQuality "1"]

1. Nf3 d5 2. c4 c6 3. g3 Nf6 4. Bg2 g6 5. b3 Bg7 6. Bb2 O-O 7. O-O Bg4 8. d3 Bxf3 9. Bxf3 e6 10. Nd2 Qe7 11. Bg2 Rd8 12. a3 a5 13. b4 Ne8 14. Qb3 Na6 15. Rab1 axb4 16. axb4 Bxb2 17. Qxb2 Qf6 18. Qxf6 Nxf6 19. Rfc1 Kf8 20. b5 cxb5 21. Rxb5 Rd7 22. Rcb1 Ra7 23. cxd5 Nxd5 24. R1b3 f6 25. Nc4 Kf7 26. Bxd5 exd5 27. Nb6 Rc7 28. Nxd5 Rc1+ 29. Kg2 Nc5 30. Rb2 Ke6 31. Nf4+ Kd6 32. d4 Ne4 33. Rxb7 Rxb7 34. Rxb7 g5 35. Rb6+ Kd7 36. Nd5 f5 37. Nf6+ 1-0

[Event "Titled Tuesday intern op 20th Aug Early"]
[Site "Chess.com INT"]
[Date "2024.08.20"]
[Round "9"]
[White "Hansen, Eric"]
[Black "Steinberg, Nitzan"]
[Result "0-1"]
[WhiteElo "2610"]
[BlackElo "2554"]
[PlyCount "101"]
[GameId "2107989758803203"]
[EventDate "2024.08.20"]
[EventType "swiss (blitz)"]
[EventRounds "11"]
[EventCountry "USA"]
[SourceTitle "EXT 2025"]
[Source "ChessBase"]
[SourceDate "2024.10.14"]
[SourceVersion "1"]
[SourceVersionDate "2024.10.14"]
[SourceQuality "1"]

1. e4 c6 2. Nf3 d5 3. Nc3 Bg4 4. h3 Bxf3 5. Qxf3 e6 6. g3 Nd7 7. d3 Ngf6 8. Bd2 a5 9. Bg2 Be7 10. O-O O-O 11. Rfe1 d4 12. Nd1 e5 13. Qe2 a4 14. a3 b5 15. f4 Bd6 16. Rf1 c5 17. Nf2 Rc8 18. Ng4 Nxg4 19. hxg4 c4 20. g5 c3 21. bxc3 dxc3 22. Be3 Bc5 23. Bh3 Rc6 24. Rfb1 Qb6 25. Bxd7 Bxe3+ 26. Kg2 Rd6 27. Rxb5 Qa7 28. Bf5 g6 29. fxe5 Rdd8 30. Bg4 Bxg5 31. Rf1 Be7 32. e6 fxe6 33. Bxe6+ Kh8 34. Bd5 Rxf1 35. Qxf1 Rf8 36. Rb7 Qd4 37. Qe2 Bc5 38. Qe1 Rf2+ 39. Kh3 Qe5 40. Qd1 Qg5 41. Qg4 Rh2+ 42. Kxh2 Qxg4 43. Rb8+ Kg7 44. Rb7+ Kh6 45. Bg8 Qe2+ 46. Kh3 Qxc2 47. Rxh7+ Kg5 48. Rd7 Qd1 49. Rd5+ Kh6 50. Rxc5 c2 51. Be6 0-1

[Event "Titled Tuesday 2025.02.25 Late"]
[Site "chess.com INT"]
[Date "2025.02.25"]
[Round "1"]
[White "Hansen, Eric"]
[Black "Lima, Kleyton Alcantara"]
[Result "1-0"]
[WhiteElo "2609"]
[BlackElo "2085"]
[PlyCount "43"]
[GameId "2151502156877752"]
[EventDate "2025.02.25"]
[EventType "swiss (blitz)"]
[EventRounds "11"]
[EventCountry "NET"]
[SourceTitle "The Week in Chess 1582"]
[SourceDate "2025.03.03"]
[SourceVersion "1"]
[SourceVersionDate "2025.03.03"]
[SourceQuality "2"]

1. e4 c5 2. Nf3 d6 3. c3 Nf6 4. Bd3 Nc6 5. Bc2 e5 6. O-O Rg8 7. d4 h6 8. d5 Nb8 9. b4 b6 10. a4 g5 11. a5 g4 12. Nfd2 h5 13. axb6 Qxb6 14. Nc4 Qc7 15. bxc5 Qxc5 16. Bd3 h4 17. Be3 Qc7 18. Nb6 Bb7 19. Nxa8 Bxa8 20. Rxa7 Bb7 21. Qb3 h3 22. Rxb7 1-0

[Event "Titled Tuesday 2025.02.25 Late"]
[Site "chess.com INT"]
[Date "2025.02.25"]
[Round "2"]
[White "Huber, Benedikt"]
[Black "Hansen, Eric"]
[Result "0-1"]
[WhiteElo "2264"]
[BlackElo "2609"]
[PlyCount "72"]
[GameId "2151502157127982"]
[EventDate "2025.02.25"]
[EventType "swiss (blitz)"]
[EventRounds "11"]
[EventCountry "NET"]
[SourceTitle "The Week in Chess 1582"]
[SourceDate "2025.03.03"]
[SourceVersion "1"]
[SourceVersionDate "2025.03.03"]
[SourceQuality "2"]

1. d4 Nf6 2. Nc3 d5 3. Bf4 a6 4. e3 c5 5. dxc5 Nc6 6. Nf3 Bg4 7. Be2 e6 8. O-O Bxc5 9. Ne5 Bxe2 10. Qxe2 Rc8 11. Rfd1 Bb4 12. Qd3 O-O 13. Ne2 Be7 14. c3 Ne4 15. Ng3 Nd6 16. Nxc6 Rxc6 17. e4 dxe4 18. Nxe4 Nxe4 19. Qxe4 Qb6 20. Rd2 Qb5 21. Rad1 Bf6 22. h3 h6 23. Be3 Rc4 24. Qf3 Bg5 25. Bxg5 hxg5 26. b3 Rc7 27. c4 Qa5 28. Qg3 Rcc8 29. Rd7 b5 30. Qxg5 Qxa2 31. cxb5 Qxb3 32. bxa6 Qa4 33. a7 Ra8 34. Qc5 e5 35. Re7 Rfc8 36. Qxe5 Qxd1+ 0-1